Missing Word: Woodstock '69 Songs Quiz Stats

 Plays Quiz Updated Nov 23, 2015

Challenge
Share
Tweet
Embed
Score 0/20 Timer 03:00
1 Play Today
Song Missing Word % Correct
With a Little _____ from My FriendsHelp
97.5%
Bad _____ RisingMoon
95.5%
Piece of My _____Heart
89.4%
_____ WizardPinball
88.5%
Purple _____Haze
86.4%
_____ RabbitWhite
79.6%
Duke of _____Earl
74.7%
Everyday _____People
71.5%
Sweet _____ GalahadSir
62.6%
_____ GraceAmazing
62%
Song Missing Word % Correct
Darlin' Be _____ SoonHome
61.8%
And When I _____Die
60.5%
Let the _____ InSunshine
57.1%
Marrakesh _____Express
56.9%
Born Under a _____ SignBad
52.2%
Turn on Your _____ LightLove
48%
Evil _____Ways
32.7%
Going Up the _____Country
32.1%
Chest _____Fever
9.5%
Handsome _____Johnny
6.8%

Today's Daily Dose

You're not logged in!

Compare scores with friends on all Sporcle quizzes.
OR
Log In

You Might Also Like...

Show Comments

Extras

Top Quizzes Today


Score Distribution

Your Account Isn't Verified!

In order to create a playlist on Sporcle, you need to verify the email address you used during registration. Go to your Sporcle Settings to finish the process.

Report this User

Report this user for behavior that violates our Community Guidelines.

Details: